书目信息 |
| 题名: |
Windows 98中文版基础教程
|
|
| 作者: | 张之超 编著 | |
| 分册: | ||
| 出版信息: | 北京 人民邮电出版社 1998.11 |
|
| 页数: | 269页 | |
| 开本: | 16开 | |
| 丛书名: | ||
| 单 册: | ||
| 中图分类: | ||
| 科图分类: | ||
| 主题词: | 软件 | |
| 电子资源: | ||
| ISBN: | 7-115-07429-1 | |
| 000 | 00598nam0 2200205 45 | |
| 001 | 9912141584 | |
| 005 | 19991214150930.4 | |
| 010 | @a7-115-07429-1@d27.00元 | |
| 100 | @a19991214d1998 km y0chiy0120 ea | |
| 101 | @achi | |
| 105 | @a z 000yy | |
| 200 | 1 | @aWindows 98中文版基础教程@AWindows 98 Zhong Wen Ban Ji Chu Jiao Cheng@f张之超等编著@FZhang Zhi Chao Deng Bian Zhu |
| 210 | @a北京@c人民邮电出版社@d1998.11 | |
| 215 | @a269页@d16开 | |
| 606 | 0 | @a软件 |
| 690 | @v3 | |
| 690 | @aTP316.7 | |
| 701 | @a张之超@4编著 | |
| 801 | @aCN@bPFTUser@c19991214 | |
| 905 | @f4@b47358-361@dTP316.7@eZH129 | |
| Windows 98中文版基础教程/张之超等编著.-北京:人民邮电出版社,1998.11 |
| 269页;16开 |
| ISBN 7-115-07429-1:27.00元 |
| ● |
| 相关链接 |
|
|
|
正题名:Windows 98中文版基础教程
索取号:TP316.7/ZH129
 
预约/预借
| 序号 | 登录号 | 条形码 | 馆藏地/架位号 | 状态 | 备注 |
| 1 | 47358 | 200473585 | 期刊室512/301自科库 82排1列5层/ [索取号:TP316.7/ZH129] | 在馆 | |
| 2 | 47359 | 200473594 | 自科二线404/301自科库 82排1列5层/ [索取号:TP316.7/ZH129] | 在馆 | |
| 3 | 47360 | 200473601 | 期刊室512/301自科库 82排1列5层/ [索取号:TP316.7/ZH129] | 在馆 | |
| 4 | 47361 | 200473610 | 自科二线504/504自科库 6排2列2层/ [索取号:TP316.7/ZH129] | 在馆 |